000 00422ntaaa2200181 4500
003 01
005 20251027203253.0
008 0714s1973 ag 01
040 _aAR-BaBN
_bspa
_cAR-BaBN
_eaacr
_dRIC
082 _aM58 280.1
100 _aP. Michalon
_935553
245 _aEcumenismo y Unidad Cristiana /
_cP. Michalon
250 _a
260 _aEspaña
300 _a135p
650 _aCRISTIANA
_96049
942 _cBK
999 _c28178
_d28178